| 000 | nam a22 a 4500 | ||
|---|---|---|---|
| 999 |
_c497 _d497 |
||
| 005 | 20170504095340.0 | ||
| 008 | 170504b1979 xxu||||| |||| 00| 0 eng d | ||
| 020 | _a0673151832 | ||
| 040 | _aAKMAL | ||
| 082 | _a150 ZIM | ||
| 090 |
_a150 _bZIM |
||
| 100 |
_aZimbardo, Philip G _91128 |
||
| 245 |
_aPsychology And Life _cZimbardo, Philip G |
||
| 260 |
_aunited States of America _bScott, Foresman and Company _c1979 |
||
| 300 |
_a768 pg _c24 cm |
||
| 650 |
_aPsychology _9859 |
||
| 942 |
_2ddc _cBOOK |
||